| 000 | 00000nam##2200000za#4500 |
| 001 | 9.571087 |
| 003 | CaOODSP |
| 005 | 20210624182543 |
| 007 | cr ||||||||||| |
| 008 | 150406|2007||||xxc|||||o f|0| 0 eng|d |
| 022 | |a1919-3769 |
| 040 | |aCaOODSP|beng |
| 043 | |an-cn--- |
| 086 | 1 |aFs70-7/2007-006E-PDF |
| 110 | 1 |aCanada. |bDepartment of Fisheries and Oceans. |bNewfoundland and Labrador Region. |
| 245 | 10|aSea scallop status on St. Pierre Bank (subdivision 3Ps) |h[electronic resource] |
| 246 | 1 |aNewfoundland and Labrador Region - sea scallop status on St. Pierre Bank |
| 260 | |aSt. John's - Newfoundland and Labrador : |bFisheries and Oceans Canada. |cJune 2007. |
| 300 | |a9p.|bgraphs, maps (some coloured), references, table |
| 490 | 1 |aCanadian Science Advisory Secretariat - science response |x1919-3769|v2007/006, Newfoundland and Labrador Region |
| 590 | |a11-22-Supp|b2011-10-13 |
| 775 | 08|tÉtat du pétoncle géant sur le Banc de Saint-Pierre (sous-division 3Ps) |w(CaOODSP)9.601731 |
| 830 | #0|aScience response (Canadian Science Advisory Secretariat)|x1919-3769|v2007/006, Newfoundland and Labrador Region|w(CaOODSP)9.506232 |
| 856 | 40|ahttp://publications.gc.ca|qPDF|s180 KB|uhttps://publications.gc.ca/collections/collection_2011/mpo-dfo/Fs70-7-2007-006-eng.pdf|y2007/006, Newfoundland and Labrador Region |